| 000 | 00277 a2200085 4500 | ||
|---|---|---|---|
| 245 | 0 | 0 |
_aGniazda wtyczkowe i wtyczki do użytku domowego - Wymagania i badania PN-88/E-93200 / _cPKNMiJ. |
| 246 | 1 | 3 | _aPN-88/E-93200 |
| 260 |
_aWarszawa : _bPKNMiJ, _c1988. |
||
| 300 |
_a29 stron ; _c30 cm. |
||
| 650 | _aPolska norma | ||
| 999 |
_c19674 _d19674 |
||